Paises con mas fallecidos en la Primera Guerra Mundial - Estadísticas

Estadísticas generales
  • Esta prueba ha sido intentada 189 veces
  • La puntuación promedio es 8 de 10
Estadísticas de respuestas
Total de muertes humanas País o Imperio % Correcto
2,476,897 millones de muertes Imperio Alemán / Alemania
99%
3,311,000 millones de muertes Imperio Ruso / Rusia
99%
1,697,800 millones de muertes Francia
97%
994,138 mil de muertes Reino Unido
96%
1,240,000 millones de muertes Italia
89%
2,921,844 millones de muertes Imperio Otomano / Turquía
76%
1,597,000 millones de muertes Imperio Austrohúngaro / Austria-Hungría
65%
725,000 mil muertes Serbia
58%
187,500 mil muertes Bulgaria
56%
680,000 mil muertes Rumanía
51%
No se encontraron pruebas coincidentes
Distribución de puntuación
Porcentaje de gente con cada puntuación
Porcentaje por número respondido
Historial de tus puntuaciones
No has intentado esta prueba.